1858 1506 1611 1808 1219 1571 1720 1295 1517 1033 1286 1782 1376 1224 1939 1655 1863 1481 1181 1706 1193 1117 1523 1707 1112 1204 1840 1652 1264 1397 1175 1999 1212 1511 1768 1795 1493 1876 1323 1055 1322 1835 1246 1377 1361 1713 1827 1574 1190 1434 1301 1921 1139 1810 1378 1899 1126 1863 1219 1883 1014 1117 1306 1881 1776 1455 1542 1871 1171 1145 1546 1250 1777 1044 1353 1576 1523 1208 1384 1326 1404 1236 1157 1628 1787 1880 1817 1004 1242 1589 1976 1963 1858 1328 1261 1401 1436 1611 1743 BCNSPRNW ULIB Ver.6.0+V

เปลี่ยนเป็นภาษาไทย

Change to English
 แสดงรายละเอียดบรรณานุกรม
  กลับหน้าหลัก

Brief Record : Get Marc (ISO 2709) : E-mail record : QR code < ปิดหน้าต่าง
LEADER : 00000nam 2200000uu 4500
001    13399110121
003     ULIB
008    110422s2552||||th 000 0 tha d
020    9789742357719
060 04 WJ301^bด764ส 2552
245 00 สรีรวิทยาของไต ความผิดปกติของอิเล็กโทรไลต์และของกรดด่าง =^bRenal physiology electrolytes and acid-base disorders /^cดุสิต จิรกุลสมโชค ... [และคนอื่นๆ]
246 31 Renal physiology electrolytes and acid-base disorders
250    พิมพ์ครั้งที่ 3
260    ขอนแก่น :^bภาควิชาสรีรวิทยา คณะแพทยศาสตร์มหาวิทยาลัยขอนแก่น,^d2552
300    416 หน้า :^bภาพประกอบ ;^c30 ซม.
650  7 ดุลกรดด่าง
650  7 ไต^xสรีรวิทยา
700 0  ดุสิต จิรกุลสมโชค
710 2  มหาวิทยาลัยขอนแก่น. ^bคณะแพทยศาสตร์. ^bภาควิชาสรีรวิทยา
945    ^p0^l0^i027216
945    ^p0^l0^i027204
945    ^p0^l0^i027205
995    ทศพร
999 ^a ใช้งานได้ทุกระบบ
รายการนี้ยังไม่มีแท็ก
คุณยังไม่ได้ล็อกอิน คุณสามารถมีกิจกรรมร่วมกับเว็บไซต์ได้ แต่ต้องล็อกอินก่อน ::
  ล็อกอิน

รายการสื่อสารสนเทศ

ลำดับที่ ประเภท เลขเรียก/บาร์โค้ด สถานที่ สถานะ
- ไม่พบข้อมูล -

รายการใกล้เคียง
    หัวเรื่อง [ดุลกรดด่าง]

BibComment


ยังไม่เคยถูกคอมเมนท์

คอมเมนท์ทรัพยากรรายการนี้
  คอมเมนท์: สรีรวิทยาของไต คว..


 Copyright 2026. Bcnsprnw @Library